Ohioans - Sudden Death - Statistics

General Stats
  • This quiz has been taken 25 times
  • The average score is 7 of 17
Answers on the Grid
Answers color-coded by a green-red scale on the quiz's grid according to % correct below.
Tom Brady
William McKinley
Mr Beast
Guy Fieri
Gerald Ford
Tony Hinchcliffe
Jason Sudeikis
Neil Armstrong
Ken Jennings
Dr. Oz
O.J. Simpson
Jake Paul
Jim Davis
LeBron James
Bill Nye
Travis Kelce
Mary J. Blige
Thomas Edison
Bob Ross
Judith Resnik
Noam Chomsky
Ted Turner
Mitch McConnell
JD Vance
Lee Harvey Oswald
Simone Biles
Al Gore
Toni Morrison
Amy Schumer
Warren G. Harding
Andy Warhol
John Legend
Jefferson Davis
Steven Spielberg
Bill Murray
 
Answer Stats
Answer % Correct
Jake Paul
74%
JD Vance
74%
LeBron James
68%
Neil Armstrong
68%
William McKinley
63%
Travis Kelce
58%
Warren G. Harding
58%
Thomas Edison
47%
Simone Biles
37%
Dr. Oz
32%
Guy Fieri
32%
Steven Spielberg
26%
John Legend
21%
Tony Hinchcliffe
16%
Judith Resnik
11%
Ted Turner
11%
Toni Morrison
5%
No matching quizzes found
Score Distribution
Percent of People with Each Score
Percentile by Number Answered
Your Score History
You have not taken this quiz